| 000 -ლიდერი |
| ფიქსირებული სიგრძის საკონტროლო ველი |
01386nam a22002057a 4500 |
| 003 - საკონტროლო ნომრის იდენტიფიკატორი |
| საკონტროლო ველი |
Ge_BSU |
| 005 - ბოლო ოპერაციის თარიღი და დრო |
| საკონტროლო ველი |
20240729114325.0 |
| 008 - ფიქსირებული სიგრძის მონაცემთა ელემენტები - ზოგადი ინფორმაცია |
| ფიქსირებული სიგრძის საკონტროლო ველი |
240729s2023 ge ||||| |||| 00| 0 geo d |
| 020 ## - წიგნის საერთაშორისო სტანდარტული ნომერი |
| International Standard Book Number |
9789941985607 |
| 041 ## - ენის კოდი |
| Language code of text/sound track or separate title |
geo |
| 080 ## - უნივერსალური ათობითი კლასიფიკაციის ინდექსი |
| Universal Decimal Classification number |
81'374.2 ბ-57 |
| 245 ## - ცნობა სათაურის შესახებ |
| Title |
ბერძნული და რომაული საკუთარი სახელების ორთოგრაფიული ლექსიკონი / |
| Statement of responsibility, etc |
რედაქტორი: ნანა ტონია; |
| 264 ## - წარმოების, გამოცემის, დისტრიბუციის და სხვა ცნობები |
| გამოცემის, წარმოების, დისტრიბუციის... ადგილი |
თბილისი: |
| გამოცემის, წარმოების, დისტრიბუციის... სახელწოდება |
[გ.გ.], |
| გამოცემის, წარმოების, დისტრიბუციის... თარიღი |
2023. |
| 300 ## - ფიზიკური აღწერა |
| Extent |
225 გვ.: |
| Other physical details |
20 სმ. |
| 440 ## - სერიის ცნობა / დამატებულია ჩანაწერი - სათაური |
| Title |
პროგრამა ლოგოსი |
| 9 (RLIN) |
22991 |
| 653 ## - INDEX TERM--UNCONTROLLED |
| Uncontrolled term |
ლექსიკონები.ორთოგრაფიული ლექსიკონი. ბერძნული ენა.ონომისტიკა. რომაული ენა. |
| 700 ## - ADDED ENTRY--PERSONAL NAME |
| Personal name |
ტონია, ნანა |
| Relator term |
რედაქტორი. |
| 9 (RLIN) |
22989 |
| 710 ## - ADDED ENTRY--CORPORATE NAME |
| Corporate name or jurisdiction name as entry element |
ივანე ჯავახიშვილის სახელობის თბილისის სახელმწიფო უნივერსიტეტი. კლასიკური ფილოლოგიის, ბიზანტინისტიკისა და ნეოგრეცისტიკის ინსტიტუტი. |
| 9 (RLIN) |
22990 |
| 942 ## - ADDED ENTRY ELEMENTS (KOHA) |
| Source of classification or shelving scheme |
|
| Koha item type |
წიგნი |